Gesamtwirtschaftliche Prognoseverfahren /

Enregistré dans:
Détails bibliographiques
Auteurs principaux: Frerichs, Walter (Auteur), Kübler, Knut (Auteur)
Format: Livre
Langue:allemand
Publié: München : Verlag Franz Vahlen, 1980
Sujets:
Tags: Ajouter un tag
Pas de tags, Soyez le premier à ajouter un tag!

MARC

LEADER 00000nam a22000003a 4500
001 stu44372
005 20150617225718.1
008 950320s1980----gw------------------ger-d
020 |a 3-8006-0823-5 
040 |a STU  |b slo 
041 0 |a ger 
044 |a gw 
080 |a 330.34 
080 |a 658.15 
100 1 |a Frerichs, Walter  |4 aut 
245 1 |a Gesamtwirtschaftliche Prognoseverfahren /  |c [aut.]Walter Frerichs, Knut Kübler 
260 |a München :  |b Verlag Franz Vahlen,  |c 1980 
300 |a 293 s 
650 7 |a Prognostika hospodárska  |2 stusub 
650 7 |a hospodárstvo  |2 stusub 
650 7 |a prognostika  |2 stusub 
700 1 |a Kübler, Knut  |4 aut 
996 |b 284M025698  |c M*8961-1  |l MMKN  |s A  |a 24  |w stu44372_0001